[Event "Caracas Gus Cup"]
[White "Mora Moron, Jose Ramon"]
[Black "Rojas, Luis Gabriel"]
[Site "Caracas"]
[Round "5"]
[Result "1-0"]
[Date "2022.07.29"]
[WhiteElo "2131"]
[BlackElo "1961"]
[PlyCount "129"]
[EventDate "2022.07.27"]
[EventType "tourn"]
[EventRounds "9"]
[EventCountry "VEN"]
[SourceTitle "CBM 209 Extra"]
[Source "ChessBase"]
[SourceDate "2022.09.30"]
[SourceVersion "1"]
[SourceVersionDate "2022.09.30"]
[SourceQuality "1"]

1. e4 e6 2. d4 d5 3. Nc3 Bb4 4. e5 c5 5. a3 Bxc3+ 6. bxc3 Qc7 7. Nf3 Bd7 8. Bd3 c4 9. Be2 Ba4 10. 0-0 Nc6 11. Ng5 h6 12. Nh3 0-0-0 13. Nf4 Nce7 14. Bg4 Qd7 15. Re1 g6 16. Ra2 h5 17. Bf3 Nh6 18. Nh3 Rdf8 19. Bg5 Nhg8 20. Nf4 Qb5 21. Qa1 Qa5 22. Qb2 Nc6 23. Rb1 b6 24. Qa1 Nce7 25. Re1 Bd7 26. a4 Nf5 27. Re2 Nge7 28. Re1 Nc6 29. Rd1 Kc7 30. Qb2 Nce7 31. Qa3 Re8 32. g3 Bc6 33. Bg2 Nc8 34. Bf6 Rhg8 35. Nh3 b5 36. axb5 Qxa3 37. Rxa3 Bxb5 38. Ng5 Nh6 39. Nh7 a6 40. h3 Nb6 41. Bg5 Rh8 42. Nf6 Ra8 43. Rb1 Ng8 44. g4 hxg4 45. hxg4 Nxf6 46. Bxf6 Rh7 47. f4 Kc6 48. Kf2 Nd7 49. Be7 Re8 50. Bd6 f5 51. Bb4 Rh4 52. Rh1 Reh8 53. Raa1 Rxh1 54. Rxh1 Rxh1 55. Bxh1 Ba4 56. Bf3 Bxc2 57. g5 a5 58. Bd6 Nb6 59. Bh5 Nc8 60. Bc5 Kd7 61. Bxg6 Bd1 62. Kg3 a4 63. Kh4 Na7 64. Bf7 Nb5 65. g6 1-0

[Event "Las Americas op U2400 Hybrid"]
[White "Diaz Rosas, Julio Cesar"]
[Black "Rojas, Luis Gabriel"]
[Site "Internet"]
[Round "6.6"]
[Result "1-0"]
[Date "2022.06.04"]
[WhiteElo "2328"]
[BlackElo "1961"]
[PlyCount "61"]
[EventDate "2022.06.04"]
[EventType "swiss"]
[EventRounds "6"]
[EventCountry "VEN"]
[SourceTitle "EXT 2024"]
[Source "ChessBase"]
[SourceDate "2023.10.10"]
[SourceVersion "1"]
[SourceVersionDate "2023.10.10"]
[SourceQuality "1"]

1. e4 e5 2. Nf3 Nf6 3. Nxe5 d6 4. Nf3 Nxe4 5. Nc3 Nf6 6. d4 Be7 7. Bd3 0-0 8. h3 b6 9. a4 a6 10. 0-0 Bb7 11. Re1 Nbd7 12. Nh4 Re8 13. Nf5 Bf8 14. Bg5 Qb8 15. Qd2 Kh8 16. Qf4 Ng8 17. Qh4 g6 18. Ne3 Bg7 19. Ned5 Rxe1+ 20. Rxe1 c6 21. Ne7 Ngf6 22. Ne4 Nxe4 23. Bxe4 d5 24. Nxg6+ fxg6 25. Bxg6 Nf8 26. Bf5 Bc8 27. Re8 Bxf5 28. Rxb8 Rxb8 29. Qf4 Re8 30. Qxf5 Ne6 31. Qf7 1-0

[Event "Las Americas op U2400 Hybrid"]
[White "Rojas, Luis Gabriel"]
[Black "Cutipa, Gianfranco"]
[Site "Internet"]
[Round "3.9"]
[Result "1-0"]
[Date "2022.06.04"]
[WhiteElo "1961"]
[BlackElo "2133"]
[PlyCount "87"]
[EventDate "2022.06.04"]
[EventType "swiss"]
[EventRounds "6"]
[EventCountry "VEN"]
[SourceTitle "EXT 2024"]
[Source "ChessBase"]
[SourceDate "2023.10.10"]
[SourceVersion "1"]
[SourceVersionDate "2023.10.10"]
[SourceQuality "1"]

1. e4 d5 2. exd5 Qxd5 3. Nc3 Qa5 4. d4 Nf6 5. Nf3 c6 6. Bd2 Qc7 7. Qc1 Bf5 8. Bf4 Qd8 9. Qd2 e6 10. Bd3 Bxd3 11. Qxd3 Be7 12. 0-0 0-0 13. Rad1 Na6 14. a3 Nc7 15. Ng5 h6 16. Nge4 Ncd5 17. Be5 Nxc3 18. Nxc3 Qb6 19. Rb1 Nd7 20. Bf4 c5 21. d5 e5 22. Be3 Rac8 23. Rfd1 Bd6 24. b4 c4 25. Qf5 Qd8 26. Ne4 Be7 27. d6 Bh4 28. g3 Bf6 29. Bxh6 c3 30. Nxf6+ Qxf6 31. Qxd7 Qxh6 32. Qxb7 Rfd8 33. d7 Rc6 34. Rd5 e4 35. Re5 Re6 36. Rxe4 Qd2 37. Rxe6 fxe6 38. Qe4 Qxd7 39. Re1 Re8 40. Re3 Qd2 41. Kg2 Re7 42. Qd3 Rc7 43. Qe4 Re7 44. Rd3 1-0

[Event "VEN-ch Expertos"]
[White "Rojas, Luis Gabriel"]
[Black "Guerrero Vargas, Juan Alfonso"]
[Site "Caracas"]
[Round "4"]
[Result "1/2-1/2"]
[Date "2022.04.14"]
[WhiteElo "1952"]
[BlackElo "2034"]
[PlyCount "63"]
[EventDate "2022.04.13"]
[EventType "swiss"]
[EventRounds "7"]
[EventCountry "VEN"]
[SourceTitle "CBM 207 Extra"]
[Source "ChessBase"]
[SourceDate "2022.05.31"]
[SourceVersion "1"]
[SourceVersionDate "2022.05.31"]
[SourceQuality "1"]

1. e4 e5 2. Nf3 d6 3. d4 Nf6 4. dxe5 Nxe4 5. Nbd2 Nc5 6. Nb3 Nxb3 7. axb3 Nc6 8. Bf4 Qe7 9. Qe2 d5 10. Qd2 Be6 11. Bb5 Qb4 12. Nd4 Qxd2+ 13. Bxd2 Bd7 14. Nxc6 Bxc6 15. Bxc6+ bxc6 16. Ra6 Kd7 17. Be3 Re8 18. 0-0 Rxe5 19. Rxa7 Bd6 20. c3 Re4 21. b4 f5 22. g3 f4 23. gxf4 Bxf4 24. Bxf4 Rxf4 25. Re1 Rhf8 26. Re2 Rg4+ 27. Kf1 h5 28. Ra1 Rf3 29. Ra8 Rgf4 30. h3 Rf8 31. Rxf8 Rxf8 32. Kg2 1/2-1/2

[Event "VEN-ch Expertos"]
[White "Rojas, Luis Gabriel"]
[Black "Sanchez Alvares, Kelvin Antonio"]
[Site "Caracas"]
[Round "2"]
[Result "0-1"]
[Date "2022.04.13"]
[WhiteElo "1952"]
[BlackElo "2194"]
[PlyCount "87"]
[EventDate "2022.04.13"]
[EventType "swiss"]
[EventRounds "7"]
[EventCountry "VEN"]
[SourceTitle "CBM 207 Extra"]
[Source "ChessBase"]
[SourceDate "2022.05.31"]
[SourceVersion "1"]
[SourceVersionDate "2022.05.31"]
[SourceQuality "1"]

1. e4 e5 2. Nf3 Nc6 3. d4 exd4 4. Nxd4 Qh4 5. Nc3 Bb4 6. Be2 Nge7 7. 0-0 Bxc3 8. bxc3 0-0 9. Nb5 Qxe4 10. Nxc7 Rb8 11. Ba3 d5 12. Re1 Qe5 13. Nb5 Qf6 14. Bf3 Be6 15. Nd4 Rfd8 16. Rb1 Nxd4 17. Qxd4 Qxd4 18. cxd4 Nf5 19. c3 b6 20. Bg4 Nxd4 21. cxd4 Bxg4 22. Re7 Rd7 23. Rbe1 h6 24. f3 Bf5 25. Rxd7 Bxd7 26. Re7 Rb7 27. Kf2 a5 28. Ke3 b5 29. Bc5 b4 30. Kd2 a4 31. Kc1 g5 32. g3 Kg7 33. Kb2 b3 34. Re3 bxa2+ 35. Kxa2 Kg6 36. Ba3 Bb5 37. Bb4 Bc4+ 38. Ka3 Bb3 39. Bc5 f6 40. g4 h5 41. Re6 hxg4 42. fxg4 Bd1 43. Bb6 Bxg4 44. Rd6 0-1

[Event "Hibrido del Sur U2200 op 4th"]
[White "Perez Rivero, Juan Jose"]
[Black "Rojas, Luis Gabriel"]
[Site "Tornelo INT"]
[Round "1"]
[Result "1/2-1/2"]
[Date "2021.12.17"]
[WhiteElo "1715"]
[BlackElo "1948"]
[PlyCount "102"]
[EventDate "2021.12.17"]
[EventType "swiss"]
[EventRounds "6"]
[EventCountry "VEN"]
[SourceTitle "CBM 206 Extra"]
[Source "ChessBase"]
[SourceDate "2022.03.31"]
[SourceVersion "1"]
[SourceVersionDate "2022.03.31"]
[SourceQuality "1"]

1. Nf3 d5 2. g3 Nd7 3. d4 e6 4. Bg2 Bd6 5. 0-0 Ngf6 6. c4 c6 7. Nc3 0-0 8. Qc2 dxc4 9. a4 e5 10. dxe5 Nxe5 11. Rd1 Nxf3+ 12. Bxf3 Qc7 13. Ne4 Nxe4 14. Bxe4 h6 15. Qxc4 Be6 16. Qc2 Rfd8 17. Bd2 Rd7 18. Bc3 Rad8 19. Bh7+ Kh8 20. Bf5 Bxg3 21. hxg3 Bxf5 22. Rxd7 Qxd7 23. Qc1 Kg8 24. Qf4 Re8 25. Re1 Be4 26. f3 Bg6 27. e4 Rd8 28. Qe5 f6 29. Qc5 b6 30. Qe3 c5 31. a5 Qh3 32. Qf4 Qd7 33. e5 fxe5 34. Bxe5 Qd2 35. Qxd2 Rxd2 36. Bc3 Rd7 37. axb6 axb6 38. Re6 Bd3 39. Rxb6 Re7 40. Rd6 c4 41. Rd5 g6 42. Re5 Rxe5 43. Bxe5 Kf7 44. Kf2 Ke6 45. Bg7 h5 46. Bc3 Kd5 47. Ke3 Bb1 48. Kf4 Bc2 49. Kg5 Bb1 50. Kf4 Bc2 51. Kg5 Bb1 1/2-1/2

[Event "VEN-chT Liga Superior qual"]
[White "Gonzalez Chirinos, Fidel Ernesto"]
[Black "Rojas, Luis Gabriel"]
[Site "Caracas"]
[Round "5.3"]
[Result "1/2-1/2"]
[Date "2018.01.28"]
[WhiteElo "2174"]
[BlackElo "2055"]
[PlyCount "72"]
[EventDate "2018.01.26"]
[EventType "team-swiss"]
[EventRounds "6"]
[EventCountry "VEN"]
[SourceTitle "EXT 2022"]
[Source "ChessBase"]
[SourceDate "2021.10.06"]
[SourceVersion "1"]
[SourceVersionDate "2021.10.06"]
[SourceQuality "1"]
[WhiteTeam "Rising Sars Academy"]
[BlackTeam "AlphaZero"]
[WhiteTeamCountry "VEN"]
[BlackTeamCountry "VEN"]

1. e4 e5 2. Nf3 Nc6 3. Bb5 a6 4. Ba4 Nf6 5. 0-0 Nxe4 6. Re1 Nc5 7. Bxc6 dxc6 8. Nxe5 Be7 9. d4 Ne6 10. Be3 0-0 11. c4 Bd6 12. Nc3 c5 13. Nf3 Nxd4 14. Nxd4 cxd4 15. Qxd4 Bb4 16. a3 Qxd4 17. Bxd4 Bxc3 18. Bxc3 Be6 19. Re4 Rfd8 20. Rae1 Re8 21. f4 Bd7 22. Re7 Rxe7 23. Rxe7 Rd8 24. Kf2 b6 25. c5 Kf8 26. Re5 Re8 27. Rxe8+ Bxe8 28. cxb6 cxb6 29. Bd4 b5 30. Bc5+ Kg8 31. Ke3 a5 32. Kd4 Bc6 33. g3 Bg2 34. a4 bxa4 35. Bb6 Bf3 36. Bxa5 Bd1 1/2-1/2

[Event "Turmero Bustamante Memorial 3rd"]
[White "Rojas, Luis Gabriel"]
[Black "Pacheco Gutierrez, Johnny Rafael"]
[Site "Turmero"]
[Round "2"]
[Result "1-0"]
[Date "2017.09.02"]
[WhiteElo "1988"]
[BlackElo "1794"]
[PlyCount "49"]
[EventDate "2017.09.02"]
[EventType "swiss"]
[EventRounds "5"]
[EventCountry "VEN"]
[SourceTitle "EXT 2019"]
[Source "ChessBase"]
[SourceDate "2018.10.10"]
[SourceVersion "1"]
[SourceVersionDate "2018.10.10"]
[SourceQuality "1"]

1. e4 c5 2. Nf3 e6 3. d4 cxd4 4. Nxd4 a6 5. g3 Qc7 6. Bg2 b5 7. 0-0 Bb7 8. a4 b4 9. c3 Nf6 10. Qe2 bxc3 11. Nxc3 d6 12. Bg5 Be7 13. Rac1 Qa5 14. Bd2 Qb6 15. Be3 Qa5 16. b4 Qxb4 17. Rb1 Qxc3 18. Rxb7 Qc8 19. e5 Nd5 20. Bxd5 exd5 21. Qb2 dxe5 22. Rc1 Qd8 23. Nf5 d4 24. Rxe7+ Kf8 25. Qb3 1-0

[Event "Caracas FVA 80th Ann"]
[White "Perez Rivero, Juan Jose"]
[Black "Rojas, Luis Gabriel"]
[Site "Caracas"]
[Round "6"]
[Result "1/2-1/2"]
[Date "2015.12.18"]
[WhiteElo "1663"]
[BlackElo "1929"]
[PlyCount "91"]
[EventDate "2015.12.16"]
[EventType "swiss"]
[EventRounds "8"]
[EventCountry "VEN"]
[SourceTitle "EXT 2018"]
[Source "ChessBase"]
[SourceDate "2017.10.13"]
[SourceVersion "1"]
[SourceVersionDate "2017.10.13"]
[SourceQuality "1"]

1. d4 d5 2. Nf3 Nf6 3. c3 Nbd7 4. Bg5 h6 5. Bxf6 Nxf6 6. Nbd2 Bf5 7. e3 e6 8. Be2 Bd6 9. 0-0 0-0 10. c4 c6 11. Qb3 Rb8 12. Qa4 a6 13. c5 Bc7 14. b4 Nd7 15. Qb3 e5 16. dxe5 Nxe5 17. Nd4 Bh7 18. N2f3 Re8 19. Nxe5 Bxe5 20. Bd3 Be4 21. Bxe4 dxe4 22. Rad1 Qh4 23. a3 Qh5 24. Rd2 Rbd8 25. Rfd1 g5 26. Nf5 Rxd2 27. Rxd2 Re6 28. Qd1 Qxd1+ 29. Rxd1 Bc3 30. h3 a5 31. bxa5 Re5 32. Nxh6+ Kg7 33. Ng4 Rxc5 34. Rd7 Rb5 35. Kh2 Bxa5 36. h4 gxh4 37. Kh3 Bc3 38. Kxh4 Bb2 39. a4 Rb4 40. Kg5 c5 41. Nh6 c4 42. Rxf7+ Kh8 43. Rf8+ Kh7 44. Rf7+ Kh8 45. Rf8+ Kg7 46. Rf7+ 1/2-1/2

[Event "Caracas FVA 80th Ann"]
[White "Rojas, Luis Gabriel"]
[Black "Romero Barreto, Jaime Jose"]
[Site "Caracas"]
[Round "5"]
[Result "0-1"]
[Date "2015.12.18"]
[WhiteElo "1929"]
[BlackElo "2242"]
[PlyCount "142"]
[EventDate "2015.12.16"]
[EventType "swiss"]
[EventRounds "8"]
[EventCountry "VEN"]
[SourceTitle "EXT 2018"]
[Source "ChessBase"]
[SourceDate "2017.10.13"]
[SourceVersion "1"]
[SourceVersionDate "2017.10.13"]
[SourceQuality "1"]

1. e4 e5 2. Nf3 Nc6 3. d4 exd4 4. Nxd4 Bc5 5. Nxc6 Qf6 6. Qd2 dxc6 7. Nc3 Bd7 8. Bd3 0-0-0 9. 0-0 Qe7 10. Qe2 f6 11. Be3 g5 12. Na4 Bxe3 13. Qxe3 Kb8 14. Qc5 Qe8 15. Rfe1 b6 16. Qc3 c5 17. b3 Qe5 18. Qxe5 fxe5 19. Nb2 Ne7 20. Rad1 Bc6 21. Nc4 Ng6 22. a4 Bb7 23. Rd2 Rhe8 24. g3 a6 25. Red1 Re7 26. f3 b5 27. axb5 axb5 28. Ne3 Red7 29. Kf2 c6 30. Ke1 Kc7 31. Bf1 Bc8 32. Nf5 Nf8 33. Bh3 Ne6 34. Rxd7+ Rxd7 35. Ra1 Rd8 36. Ra7+ Bb7 37. Ke2 Nd4+ 38. Nxd4 cxd4 39. b4 Kb6 40. Ra3 c5 41. bxc5+ Kxc5 42. Be6 h6 43. Ra7 Kb6 44. Ra3 Rd6 45. Bg8 b4 46. Rb3 Ba6+ 47. Kd2 Kc5 48. Bd5 Rf6 49. g4 Bb5 50. Bg8 Ba4 51. Rd3 Ra6 52. Kc1 Bb5 53. Rd2 Ra1+ 54. Kb2 Rf1 55. h4 Rxf3 56. hxg5 hxg5 57. Be6 Re3 58. Bf5 Re2 59. Kc1 Rxd2 60. Kxd2 d3 61. cxd3 Kd4 62. Kc2 Bxd3+ 63. Kb3 Bxe4 64. Kxb4 Bf3 65. Kb3 Ke3 66. Kc3 e4 67. Kc4 Kf2 68. Kd4 e3 69. Bd3 Bxg4 70. Ke4 e2 71. Bxe2 Bxe2 0-1

[Event "VEN-ch Expertos y Maestros"]
[White "Rojas, Luis Gabriel"]
[Black "Trujillo Ardila, Arwin Julian"]
[Site "San Carlos"]
[Round "8"]
[Result "0-1"]
[Date "2012.06.23"]
[WhiteElo "1847"]
[BlackElo "2028"]
[PlyCount "78"]
[EventDate "2012.06.19"]
[EventType "swiss"]
[EventRounds "9"]
[EventCountry "VEN"]
[SourceTitle "EXT 2015"]
[Source "ChessBase"]
[SourceDate "2014.11.20"]
[SourceVersion "1"]
[SourceVersionDate "2014.11.20"]
[SourceQuality "1"]

1. e4 d5 2. exd5 Nf6 3. d4 Bg4 4. Be2 Bxe2 5. Qxe2 Qxd5 6. Nf3 Nc6 7. 0-0 0-0-0 8. c3 h6 9. Re1 g5 10. Nbd2 g4 11. Ne5 Rg8 12. Nf1 Nxe5 13. Qxe5 Qxe5 14. Rxe5 e6 15. Re2 h5 16. Ng3 Bd6 17. Ne4 Nxe4 18. Rxe4 h4 19. g3 Kd7 20. Bd2 Rg6 21. Rae1 Rh8 22. Bf4 b5 23. Be5 Rh5 24. Kf1 a5 25. Ke2 hxg3 26. hxg3 Rh2 27. Rf4 f5 28. Kd3 c6 29. Bxd6 Kxd6 30. b3 Rgh6 31. a4 Rh1 32. Rxh1 Rxh1 33. axb5 cxb5 34. c4 bxc4+ 35. Kxc4 Rc1+ 36. Kb5 Rc3 37. Ka4 Kd5 38. Ka3 Rc2 39. f3 Rf2 0-1

[Event "VEN-ch Expertos y Maestros"]
[White "Torres, Jose Daniel"]
[Black "Rojas, Luis Gabriel"]
[Site "San Carlos"]
[Round "3"]
[Result "1-0"]
[Date "2012.06.20"]
[WhiteElo "2153"]
[BlackElo "1847"]
[PlyCount "93"]
[EventDate "2012.06.19"]
[EventType "swiss"]
[EventRounds "9"]
[EventCountry "VEN"]
[SourceTitle "EXT 2015"]
[Source "ChessBase"]
[SourceDate "2014.11.20"]
[SourceVersion "1"]
[SourceVersionDate "2014.11.20"]
[SourceQuality "1"]

1. d4 d5 2. c4 c6 3. Nc3 Nf6 4. Bg5 e6 5. e3 Be7 6. Nf3 0-0 7. Qc2 b6 8. Bd3 Nbd7 9. 0-0-0 dxc4 10. Bxc4 Nd5 11. h4 Nxc3 12. bxc3 b5 13. Bd3 h6 14. Bxe7 Qxe7 15. Kd2 e5 16. e4 Bb7 17. Rhe1 Rad8 18. Qb1 a5 19. Re2 b4 20. Ke1 exd4 21. cxd4 c5 22. d5 Ne5 23. Nxe5 Qxe5 24. Qc1 Rc8 25. Bc4 g5 26. hxg5 hxg5 27. g3 g4 28. Qf4 Rfe8 29. Qxg4+ Kf8 30. Rc1 Ra8 31. Qf4 Qxf4 32. gxf4 Rec8 33. e5 Ba6 34. Bxa6 Rxa6 35. Rec2 a4 36. Rxc5 Rxc5 37. Rxc5 b3 38. axb3 axb3 39. Rb5 Ra4 40. Rxb3 Rxf4 41. Ke2 Re4+ 42. Re3 Rd4 43. d6 f6 44. f4 Rxf4 45. e6 Rd4 46. Rd3 Re4+ 47. Kf3 1-0